Carcinoma papilar de tiroides (Registro nro. 308628)
[ vista simple ]
| 000 -ENCABEZADO | |
|---|---|
| Número de control [NR] | 00837 a2200253 4500 |
| 005 - FECHA Y HORA DE LA ÚLTIMA TRANSACCIÓN | |
| control field | 20180118154108.0 |
| 008 - DE LONGITUD FIJA DE DATOS DE ELEMENTOS - INFORMACIÓN GENERAL | |
| Elementos de longitud fija [NR] | 171115b2010 ag ||||| |||| 00| 0 spa d |
| 020 ## - NUMERO INTERNACIONAL NORMALIZADO PARA LIBROS [R] | |
| Número Internacional Normalizado del libro [NR] | 9789506738266 |
| 040 ## - FUENTE DE CATALOGACION [NR] | |
| Agencia de catalogación original [NR] | CO-BoUCM |
| Idioma de catalogación [NR] | spa |
| Quien Cataloga | Saul Niño |
| Quien Clasifica | Saul Niño |
| 041 0# - CODIGO DE IDIOMA [R] | |
| Código de idioma para texto/pista de sonido o título separado [R] | Español |
| 060 ## - SIGNATURA TOPOGRAFICA DE LA BIBLIOTECA NACIONAL DE MEDICINA (NLM) [R] | |
| Número clasificador [R] | WK 270 |
| 245 ## - MENCION DE TITULO [NR] | |
| Título [NR] | Carcinoma papilar de tiroides |
| Mención de responsabilidad, etc. [NR] | edición a cargo de Luiz Paulo u José Luis Novelli |
| 260 ## - PUBLICACION, DISTRIBUCION, ETC. (PIE DE IMPRENTA) [R] | |
| Lugar de publicación, distribución, etc. [R] | Argentina |
| Nombre del editor, distribuidor, etc. [R] | Universidad Nacional de Rosario (UNR) |
| Fecha de publicación, distribución, etc. [R] | 2010 |
| 300 ## - DESCRIPCION FISICA [R] | |
| Extensión [R] | 435 páginas |
| Otros detalles físicos [NR] | gráficas |
| 650 #7 - ASIENTO SECUNDARIO DE MATERIA - TERMINO TEMATICO [R] | |
| 9 (RLIN) | 20217 |
| Término temático o nombre geográfico como elemento de entrada [NR] | Neoplasmas |
| 650 #7 - ASIENTO SECUNDARIO DE MATERIA - TERMINO TEMATICO [R] | |
| 9 (RLIN) | 16447 |
| Término temático o nombre geográfico como elemento de entrada [NR] | Glándulas endocrinas |
| 650 #7 - ASIENTO SECUNDARIO DE MATERIA - TERMINO TEMATICO [R] | |
| 9 (RLIN) | 25481 |
| Término temático o nombre geográfico como elemento de entrada [NR] | Tiroides |
| 650 #7 - ASIENTO SECUNDARIO DE MATERIA - TERMINO TEMATICO [R] | |
| 9 (RLIN) | 10399 |
| Término temático o nombre geográfico como elemento de entrada [NR] | Cáncer |
| 650 #7 - ASIENTO SECUNDARIO DE MATERIA - TERMINO TEMATICO [R] | |
| 9 (RLIN) | 314 |
| Término temático o nombre geográfico como elemento de entrada [NR] | Oncología |
| 700 10 - ASIENTO SECUNDARIO - NOMBRE PERSONAL [R] | |
| Nombre personal [NR] | Kowalski, Luiz Paulo |
| Término de relación [R] | editor |
| 9 (RLIN) | 88968 |
| 700 10 - ASIENTO SECUNDARIO - NOMBRE PERSONAL [R] | |
| Nombre personal [NR] | Novelli. José Luis |
| Término de relación [R] | editor |
| 9 (RLIN) | 88969 |
| 942 ## - ELEMENTOS DE ENTRADA AGREGADOS (KOHA) | |
| Tipo de ítem principal el descrito en 300a | Libro |
| Título oculto en OPAC | No |
| Sistema de clasificación | NLM |
| Tema principal | Medicina |
| Edición | 1 |
| Clasificación | WK 270 |
| Parte restante de la signatura top. | C265p |
| Fecha de último préstamo | Total préstamos | Signatura topográfica | Código de barras | Última vez visto | Ejemplar | Costo de reposición | Price effective from | Tipo de ítem | Perdido | Sistema de clasificación | Dañado | No prestable | Tipo de ítem específico | Suprimido | Ubicación habitual | Ubicación actual | Localización | Fecha de creación | Proveedor | Forma de adquisición | Costo |
|---|---|---|---|---|---|---|---|---|---|---|---|---|---|---|---|---|---|---|---|---|---|
| 18/05/2018 | 1 | WK 270 C265p | 100155303 | 01/12/2025 | Ej.1 | 26000.00 | 14/11/2017 | Libro | NLM | Libro | Fundación Cardioinfantil | Fundación Cardioinfantil | 1er piso | 14/11/2017 | 12 | Donación | 26000.00 |